000 01022nam a22002175i 4500
001 164098
003 ES-MaACL
005 20250907063126.0
008 991118s1884 sp a |||| | spa d
040 _aCCPB | B
_bspa
_cCCPB | B
100 1 _aRubio y Galí, Federico,
_d1827-1902
_9132149
245 1 0 _aReseña del cuarto ejercicio del Instituto de Terapéutica operatoria del Hospital de la Princesa /
_cpor el Dr. Federico Rubio y Gali ... [et al.].
260 _aMadrid :
_b[s.n.],
_c1884 (
_fEnrique Teodoro, Impresor)
300 _a601, [3] p., [5] h. de grab. ;
_c20 cm.
599 1 _aLas h. de grab. son lit.
650 0 4 _aTerapéutica quirúrgica.
_917480
710 2 _aHospital de la Princesa (Madrid).
_bInstituto de Terapéutica Operatoria.
_9139310
852 _aES-MaACL
_jG-13019
_z-- Enc. hol. conservando la cub. original
856 _uhttp://bibliotecadigitalhispanica.bne.es:80/webclient/DeliveryManager?pid=1832078&custom_att_2=simple_viewer
_zIr a la página
999 _c164098
_d164098